000 00305nam a2200121Ia 4500
005 20251222141910.0
008 251222s9999||||xx |||||||||||||| ||spa||
082 _a250.84/I59
245 0 _aConciliorum oecumenicorum decreta
250 _a3a.ed.
264 _bInstituo per le Scienze Religiose
942 _cLIB
999 _c8362
_d8362